Statistics for Top 10 Most Eco-Friendly US States

Click here to take the quiz!

General Stats

  • This quiz has been taken 51 times
  • The average score is 9 of 10

Answer Stats

Score State % Correct
66.29New Hampshire
96%
78.88Vermont
94%
68.77Maine
94%
70.23Washington
92%
71.39Massachusetts
90%
71.25Oregon
90%
68.96Connecticut
88%
65.72Rhode Island
88%
67.14New York
81%
68.23Minnesota
58%

Score Distribution

Percentile by Number Answered

Percent of People with Each Score

Your Score History

You have not taken this quiz